000 00566nam a2200181 a 4500
005 20140412111232.0
008 001111s19uu xx 00 eng d
020 _a0-395-51936-5
050 _aTR(PS E
_bCu-Di 1989
245 _aCurious George and the dinosaur /
_cEdited by Margaret Rey and Alan J. Shalleck.
260 _aBoston :
_bHoughton Mifflin,
_c1989.
300 _a32 p. ; col.; ill.
440 _aCurious George
500 _aAdapted from the Curious George film series
650 _aFossils--Fiction
650 _aMonkeys--Fiction
999 _c102188
_d102188